| Tag |
First Indicator |
Second Indicator |
Subfields |
| LEADER |
00000cam a2200000 4500 |
| 001 |
in00000008406 |
| 005 |
20151003050049.0 |
| 008 |
750813s1956 nyua b 00110 eng d |
| 010 |
|
|
|a 55011926
|
| 035 |
|
|
|a (OCoLC)01543906
|
| 035 |
|
|
|9 AAA0794AM
|
| 040 |
|
|
|a OSU
|c OSU
|d m.c.
|d UtOrBLW
|
| 050 |
|
0 |
|a BF724
|b .C7
|
| 100 |
1 |
|
|a Crow, Lester D.
|q (Lester Donald),
|d 1897-1983.
|
| 245 |
1 |
0 |
|a Adolescent development and adjustment /
|c [by] Lester D. Crow [and] Alice Crow.
|
| 264 |
|
1 |
|a New York :
|b McGraw-Hill,
|c 1956.
|
| 300 |
|
|
|a xiv, 555 pages :
|b illustrations ;
|c 24 cm.
|
| 336 |
|
|
|a text
|b txt
|2 rdacontent
|
| 337 |
|
|
|a unmediated
|b n
|2 rdamedia
|
| 338 |
|
|
|a volume
|b nc
|2 rdacarrier
|
| 504 |
|
|
|a Includes bibliographies and index.
|
| 650 |
|
0 |
|a Adolescence.
|
| 700 |
1 |
|
|a Crow, Alice,
|d 1894-1966.
|t Adolescent development and adjustment.
|
| 999 |
|
|
|a MARS
|
| 999 |
f |
f |
|s 0233178f-5e35-304f-bad7-0e1379775aae
|i f7993b86-e7e1-30ce-a6a9-2f7bad5ca6e1
|t 0
|
| 952 |
f |
f |
|p ric
|a Texas A&M University
|b Rellis Campus
|c Joint Library Facility
|d Remote Storage
|t 0
|e BF724 .C7
|h Library of Congress classification
|i unmediated -- volume
|m A14809231663
|
| 998 |
f |
f |
|a BF724 .C7
|t 0
|l Remote Storage
|